<?xml version="1.0" encoding="UTF-8"?>
<collection xmlns="http://www.loc.gov/MARC21/slim">
    <record>
        <controlfield tag="001">86309</controlfield>
        <controlfield tag="005">20200415131419.0</controlfield>
        <datafield tag="024" ind1="8" ind2=" ">
            <subfield code="2">sideral</subfield>
            <subfield code="a">114592</subfield>
        </datafield>
        <datafield tag="037" ind1=" " ind2=" ">
            <subfield code="a">ART-2018-114592</subfield>
        </datafield>
        <datafield tag="041" ind1=" " ind2=" ">
            <subfield code="a">spa</subfield>
        </datafield>
        <datafield tag="100" ind1=" " ind2=" ">
            <subfield code="0">(orcid)0000-0002-6596-2695</subfield>
            <subfield code="a">Albesa Pedrola, Elena</subfield>
            <subfield code="u">Universidad de Zaragoza</subfield>
        </datafield>
        <datafield tag="245" ind1=" " ind2=" ">
            <subfield code="a">Aristóteles: Compendio de la Ética nicomaquea. Edición, introducción y notas de Salvador Cuenca Almenar, Zaragoza, Prensas de la Universidad de Zaragoza-Instituto de Estudios Altoaragoneses-Instituto de Estudios Turolenses-Gobierno de Aragón, 2017, 151 páginas</subfield>
        </datafield>
        <datafield tag="260" ind1=" " ind2=" ">
            <subfield code="c">2018</subfield>
        </datafield>
        <datafield tag="506" ind1="0" ind2=" ">
            <subfield code="a">Access copy available to the general public</subfield>
            <subfield code="f">Unrestricted</subfield>
        </datafield>
        <datafield tag="520" ind1="3" ind2=" ">
            <subfield code="a">La colección Larumbe amplía su serie con una obra de filiación aragonesa —como no podía ser de otra manera, teniendo en cuenta sus fundamentos— de gran valor tanto para el lector aficionado como para el estudioso o investigador filológico, filosófico y lingüístico. Se trata de la primera edición moderna del Compendio de la Ética nicomaquea de Aristóteles, basada en el manuscrito K.II.13 de la Real Biblioteca de El Escorial, que data del siglo XV y que posee ciertos rasgos lingüísticos de carácter aragonés...</subfield>
        </datafield>
        <datafield tag="540" ind1=" " ind2=" ">
            <subfield code="9">info:eu-repo/semantics/openAccess</subfield>
            <subfield code="a">by-nc-nd</subfield>
            <subfield code="u">http://creativecommons.org/licenses/by-nc-nd/3.0/es/</subfield>
        </datafield>
        <datafield tag="655" ind1=" " ind2="4">
            <subfield code="a">info:eu-repo/semantics/other</subfield>
            <subfield code="v">info:eu-repo/semantics/publishedVersion</subfield>
        </datafield>
        <datafield tag="710" ind1="2" ind2=" ">
            <subfield code="1">4006</subfield>
            <subfield code="2">195</subfield>
            <subfield code="a">Universidad de Zaragoza</subfield>
            <subfield code="b">Dpto. Didác.Leng.y CC.HH.y SS.</subfield>
            <subfield code="c">Área Didáctica Lengua y Liter.</subfield>
        </datafield>
        <datafield tag="773" ind1=" " ind2=" ">
            <subfield code="g">74 (2018), 269-271</subfield>
            <subfield code="p">Arch. filol. aragon.</subfield>
            <subfield code="t">Archivo de filología aragonesa</subfield>
            <subfield code="x">0210-5624</subfield>
        </datafield>
        <datafield tag="856" ind1="4" ind2="1">
            <subfield code="u">https://ifc.dpz.es/recursos/publicaciones/37/90/10rese%C3%B1as.pdf</subfield>
            <subfield code="z">Texto completo de la revista</subfield>
        </datafield>
        <datafield tag="856" ind1="4" ind2=" ">
            <subfield code="s">164102</subfield>
            <subfield code="u">http://zaguan.unizar.es/record/86309/files/texto_completo.pdf</subfield>
            <subfield code="y">Versión publicada</subfield>
        </datafield>
        <datafield tag="856" ind1="4" ind2=" ">
            <subfield code="s">73711</subfield>
            <subfield code="u">http://zaguan.unizar.es/record/86309/files/texto_completo.jpg?subformat=icon</subfield>
            <subfield code="x">icon</subfield>
            <subfield code="y">Versión publicada</subfield>
        </datafield>
        <datafield tag="909" ind1="C" ind2="O">
            <subfield code="o">oai:zaguan.unizar.es:86309</subfield>
            <subfield code="p">articulos</subfield>
            <subfield code="p">driver</subfield>
        </datafield>
        <datafield tag="951" ind1=" " ind2=" ">
            <subfield code="a">2020-04-15-13:06:58</subfield>
        </datafield>
        <datafield tag="980" ind1=" " ind2=" ">
            <subfield code="a">ARTICLE</subfield>
        </datafield>
    </record>

    
</collection>